000 01171nam0a22002531 4500
001 rc\4616547
005 20250612132520.0
021 _aRU
_b[68-87065]
035 _a(NLR Aleph) 008672599
090 _a9129210
_c9129210
100 _a20130416d1968 |||y0rusy50 ca
101 0 _arus
102 _aRU
105 _ay z |||||
200 1 _aТезисы докладов
_fХарьк. обл. отд-ние Укр. науч.-фармацевт. о-ва. Харьк. фармацевт. ин-т. Аптекоуправление Харьк. облздравотдела. Юбилейная науч.-практ. конференция фармацевтов Харьковщины, посвящ. 50-летию национализации аптек. Дек. 1968 г.
210 _aХарьков
_cБ. и.
_d1968
215 _a80 с.
_d21
606 _aФармация
_jТезисы докладов
_2psbo
710 1 2 _aНаучно-практическая конференция фармацевтов Харьковщины (1968; Харьков)
801 0 _aRU
_bNLR
_gpsbo
801 1 _aRU
_bELAR
_2rusmarc
852 _aNLR
_j68-4/23070
942 _cBOOK
980 _aNB